| 000 | 00873nam a2200265Ia 4500 | ||
|---|---|---|---|
| 008 | 191130s1999##################000#0#eng## | ||
| 020 | _a9780262531603 | ||
| 022 | _a98050262 | ||
| 040 |
_aACL _cACL |
||
| 082 | _a382 COH | ||
| 245 |
_aIssues and agents in international political economy : an international organization reader _cedited by Benjamin J. Cohen and Charles Lipson |
||
| 250 | _a1st ed | ||
| 260 |
_aCambridge, MA _bMIT Press _c1999 |
||
| 300 | _a[xiii], 377 p. : ill. ; 23 cm | ||
| 500 | _aIncludes bibliographical references | ||
| 650 | _aInternational business enterprises | ||
| 650 | _aInternational economic relations | ||
| 650 | _aInternational finance | ||
| 650 | _aInternational trade | ||
| 700 | _aCohen, Benjamin J | ||
| 700 | _aLipson, Charles | ||
| 990 | _a35c9993cac10000c117c5b34f3e5dedf | ||
| 991 | _a288444 | ||
| 999 |
_c221680 _d221680 |
||